• 首页
  • 本馆介绍
  • 公告通知
  • 最新文献
  • 馆藏检索
  • 电子资源
  • 读者导购
  • 参考咨询
  • 我的图书馆
  • 登录
  • 详细信息显示
  • 放入我的书架
  • 预约/预借图书
  • 作者相关作品
  • 分类相关作品
  • 丛书相关作品
  • 出版社相关作品

书目信息

  • 表格格式
  • 工作单格式
  • 卡片格式
题名:
当代国际人物词典
    
 
作者: 苏仲湘 主编 ;王玉华 撰稿
分册:  
出版信息: 上海   上海辞书出版社  1989.1
页数: 889页
开本: 26cm
丛书名:
单 册:
中图分类: K811-61
科图分类:
主题词: 姓名--世界--词典 , 姓氏--世界--词典
电子资源:
ISBN: 7-5326-0018-1
000 00738nam0 2200253 45
001 0189015651
005 20050430142416.3
010    @a7-5326-0018-1@b精装@dCNY26.90
020    @aCN@b89015651
100    @a19910304d1989 m y0chiy0120 ea
101 0  @achi
102    @aCN@b310000
105    @ac e 000yy
200 10 @a当代国际人物词典@Adang dai guo ji ren wu ci dian@f苏仲湘主编@Fsu zhongxiang zhu bian@g王玉华等撰稿
205    @a2版
210    @a上海@c上海辞书出版社@d1989.1
215    @a889页@c肖像@d26cm
606    @a姓名@x世界@x词典
606 0  @a姓氏@x世界@x词典
690    @aK811-61@v1980
701  0 @a苏仲湘@4主编
702  0 @a王玉华@Awang yu hua@4撰稿
801  0 @aCN@bNLC@c19910304
905    @f1@b220152@dK811-61@e1=2
    
    当代国际人物词典/苏仲湘主编/王玉华等撰稿.-2版.-上海:上海辞书出版社,1989.1
    889页:肖像;26cm
    
    
    ISBN 7-5326-0018-1(精装):CNY26.90
    
●
相关链接 在E读中查询图书 在五车中查询图书 在当当中查询图书 在豆瓣中查询图书


正题名:当代国际人物词典     索取号:K811-61/1=2         预约/预借

序号 登录号 条形码 馆藏地/架位号 状态 备注
1 0220152   001415052   工具书阅览室/ [索取号:K811-61/1=2] 在馆    
2 0220153   202086777   第二样本阅览室/ [索取号:K811-61/1=2] 在馆    
唐山师范学院图书馆 欢迎您!
大连网信软件有限公司© 版权所有